000 00743nam a22002297a 4500
003 UA-OsUOA
001 131823
007 ta
008 20180619b un ||||| |||| 00| 0 ukr d
090 _a351.(075.8)
_bА31
942 _cBK
040 _aUA-OsUOA
_bukr
_cUA-OsUOA
_dUA-OsUOA
245 _aАдміністративна діяльність поліції у питаннях та відповідях
_bнавчальний посібник
300 _a196 с.
955 _a2
041 _aukr
080 _a351.(075.8)
020 _a978-617-673-429-1
260 _aК.
_bЦУЛ
_c2018
650 7 _a35 Державно-адміністративне управління. Військова справа
_2UDC
999 _c420220
_d420220